ბათუმის შოთა რუსთაველის სახელმწიფო უნივერსიტეტის ბიბლიოთეკა

საქართველოს საეკლესიო კრებები : (ბიბ.ჩანაწერი № 58937)

000 -ლიდერი
ფიქსირებული სიგრძის საკონტროლო ველი 01460nam a22002177a 4500
003 - საკონტროლო ნომრის იდენტიფიკატორი
საკონტროლო ველი Ge_BSU
005 - ბოლო ოპერაციის თარიღი და დრო
საკონტროლო ველი 20221021120711.0
008 - ფიქსირებული სიგრძის მონაცემთა ელემენტები - ზოგადი ინფორმაცია
ფიქსირებული სიგრძის საკონტროლო ველი 221021s2003 ge ||||| |||| 00| 0 geo d
041 ## - ენის კოდი
Language code of text/sound track or separate title geo
080 ## - უნივერსალური ათობითი კლასიფიკაციის ინდექსი
Universal Decimal Classification number 271.22(479.22)(09) ჯ-26
100 ## - მთავარი ჩანაწერი - პიროვნების სახელი
Personal name ანანია (ჯაფარიძე) მთავარეპისკოპოსი
9 (RLIN) 15422
245 ## - ცნობა სათაურის შესახებ
Title საქართველოს საეკლესიო კრებები :
Remainder of title ტ. 3, მიმდინარე კრებები (XIX-XX საუკუნეები) /
Statement of responsibility, etc ანანია (ჯაფარიძე); რედ.: ლია შარვაშიძე ; მხატვ.: ჯემალ ზენაიშვილი. საქ. საპატრიარქოს მანგლის-წალკის ეპარქია, სტუ-ს თეოლოგიის კათედრა.
264 ## - წარმოების, გამოცემის, დისტრიბუციის და სხვა ცნობები
გამოცემის, წარმოების, დისტრიბუციის... ადგილი თბილისი :
გამოცემის, წარმოების, დისტრიბუციის... სახელწოდება მერანი,
გამოცემის, წარმოების, დისტრიბუციის... თარიღი 2003.
300 ## - ფიზიკური აღწერა
Extent 352 გვ. ;
Other physical details 20 სმ.
653 ## - INDEX TERM--UNCONTROLLED
Uncontrolled term საეკლესიო კრებები
653 ## - INDEX TERM--UNCONTROLLED
Uncontrolled term ქრისტიანობა
653 ## - INDEX TERM--UNCONTROLLED
Uncontrolled term რელიგია
700 ## - ADDED ENTRY--PERSONAL NAME
Personal name შარვაშიძე, ლია
Relator term რედაქტორი
9 (RLIN) 5787
710 ## - ADDED ENTRY--CORPORATE NAME
Corporate name or jurisdiction name as entry element საქ. საპატრიარქოს მანგლის-წალკის ეპარქია, სტუ-ს თეოლოგიის კათედრა
9 (RLIN) 15434
942 ## - ADDED ENTRY ELEMENTS (KOHA)
Source of classification or shelving scheme
Koha item type წიგნი
ეგზემპლარები
ჩამოწერის სტატუსი დაკარგული ეგზემპლარის სტატუსი კლასიფიკაციის წყარო ან თაროზე გაწყობის სქემა დაზიანების სტატუსი არ გაიცემა მუდმივი მდებარეობა (დაცვის ადგილი) ამჟამინდელი ადგილსამყოფელი თაროზე განთავსების ადგილი შეძენის თარიღი ღირებულება, შესყიდვის ნორმალური ფასი სრული შენახვის შიფრი შტრიხკოდი ბოლო ოპერაციის თარიღი ეგზემპლარის მიმდევრობითი ნომერი (კეტერი?) ფასის ძალაში შესვლის თარიღი ეგზემპლარის სახეობა საჯარო შენიშვნა
          ბათუმის შოთა რუსთაველის სახელმწიფო უნივერსიტეტის მთავარი ბიბლიოთეკა ბათუმის შოთა რუსთაველის სახელმწიფო უნივერსიტეტის მთავარი ბიბლიოთეკა წიგნსაცავი 2022-10-21 13.00 271.22(479.22)(09) ჯ-26 28726 2022-10-21 28726 2022-10-21 წიგნი 13 ლ.